<?xml version="1.0" encoding="UTF-8"?>
<record
    xmlns:xsi="http://www.w3.org/2001/XMLSchema-instance"
    xsi:schemaLocation="http://www.loc.gov/MARC21/slim http://www.loc.gov/standards/marcxml/schema/MARC21slim.xsd"
    xmlns="http://www.loc.gov/MARC21/slim">

  <leader>01483cam a22003491  4500</leader>
  <controlfield tag="001">gs 44000153 </controlfield>
  <controlfield tag="003">DLC</controlfield>
  <controlfield tag="005">20260227111350.0</controlfield>
  <controlfield tag="008">921222s1943    bl ab         000 0 por c</controlfield>
  <datafield tag="010" ind1=" " ind2=" ">
    <subfield code="a">gs 44000153 </subfield>
  </datafield>
  <datafield tag="035" ind1=" " ind2=" ">
    <subfield code="a">(OCoLC)27157965</subfield>
  </datafield>
  <datafield tag="040" ind1=" " ind2=" ">
    <subfield code="a">U.S. Geol. survey. Library</subfield>
    <subfield code="c">CLU</subfield>
    <subfield code="d">CLU</subfield>
    <subfield code="d">DLC</subfield>
  </datafield>
  <datafield tag="042" ind1=" " ind2=" ">
    <subfield code="a">premarc</subfield>
  </datafield>
  <datafield tag="050" ind1="0" ind2="0">
    <subfield code="a">TN41</subfield>
    <subfield code="b">.A3 no. 56</subfield>
  </datafield>
  <datafield tag="082" ind1=" " ind2=" ">
    <subfield code="a">622.0981 s</subfield>
  </datafield>
  <datafield tag="110" ind1="1" ind2=" ">
    <subfield code="a">Brazil.</subfield>
    <subfield code="b">Divis&#xE3;o de Fomento da Produ&#xE7;&#xE3;o Mineral.</subfield>
  </datafield>
  <datafield tag="245" ind1="0" ind2="0">
    <subfield code="a">Brasil 1942.</subfield>
    <subfield code="b">Recursos minerais.</subfield>
  </datafield>
  <datafield tag="260" ind1=" " ind2=" ">
    <subfield code="a">Rio de Janeiro,</subfield>
    <subfield code="c">1943.</subfield>
  </datafield>
  <datafield tag="300" ind1=" " ind2=" ">
    <subfield code="a">74 p. incl. tables, diagrs.</subfield>
    <subfield code="b">maps (part fold.)</subfield>
    <subfield code="c">23 cm.</subfield>
  </datafield>
  <datafield tag="490" ind1="1" ind2=" ">
    <subfield code="a">Its Boletim</subfield>
    <subfield code="v">no. 56</subfield>
  </datafield>
  <datafield tag="500" ind1=" " ind2=" ">
    <subfield code="a">At head of title: Republica dos estados unidos do Brasil. Minist&#xE9;rio da agricultura ... Departamento nacional da produ&#xE7;&#xE3;o mineral ...Divis&#xE3;o de fomento da produ&#xE7;&#xE3;o mineral ...</subfield>
  </datafield>
  <datafield tag="500" ind1=" " ind2=" ">
    <subfield code="a">"Separata da publica&#xE7;&#xE3;o do Minist&#xE9;rio das rela&#xE7;&#xF5;es exteriores."</subfield>
  </datafield>
  <datafield tag="500" ind1=" " ind2=" ">
    <subfield code="a">Contributions by Henrique Capper Alves de Souza, Waldemar Jos&#xE9; de Carvalho, Mario da Silva Pinto, and Fabio de Macedo Soares Guimar&#xE3;es.</subfield>
  </datafield>
  <datafield tag="650" ind1=" " ind2="0">
    <subfield code="a">Mines and mineral resources</subfield>
    <subfield code="z">Brazil.</subfield>
  </datafield>
  <datafield tag="650" ind1=" " ind2="0">
    <subfield code="a">Geology</subfield>
    <subfield code="z">Brazil.</subfield>
  </datafield>
  <datafield tag="650" ind1=" " ind2="0">
    <subfield code="a">Water-power</subfield>
    <subfield code="z">Brazil.</subfield>
  </datafield>
  <datafield tag="700" ind1="2" ind2=" ">
    <subfield code="a">Capper Alves de Souza, Henrique.</subfield>
  </datafield>
  <datafield tag="700" ind1="1" ind2=" ">
    <subfield code="a">Carvalho, Waldemar Jos&#xE9; de.</subfield>
  </datafield>
  <datafield tag="700" ind1="1" ind2=" ">
    <subfield code="a">Pinto, Mario da Silva,</subfield>
    <subfield code="d">1907-</subfield>
  </datafield>
  <datafield tag="700" ind1="2" ind2=" ">
    <subfield code="a">Macedo Soares Guimar&#xE3;es, Fabio de.</subfield>
  </datafield>
  <datafield tag="830" ind1=" " ind2="0">
    <subfield code="a">Boletim (Brazil. Divis&#xE3;o de Fomento da Produ&#xE7;&#xE3;o Mineral) ;</subfield>
    <subfield code="v">no. 56.</subfield>
  </datafield>
  <datafield tag="999" ind1=" " ind2=" ">
    <subfield code="c">27996</subfield>
    <subfield code="d">27996</subfield>
  </datafield>
</record>
